000 00776nam a2200265 i 4500
003 DO-SdBNP
005 20240624094747.0
007 ta
008 111004s2003 sp 000 0 spa d
040 _aDO-SdBNP
_bspa
_cBNPHU
_erda
049 _aBNPD
082 4 _bB877c
_222
100 1 _aBrown, Dan,
_d1964-
_959803
_eautor
245 1 3 _aEl código Da Vinci /
_cDan Brown ; traducción, Juanjo Estrella.
246 1 0 _aThe Da Vinci code.
264 _aBarcelona :
_bUrano,
_c2003.
300 _a666 páginas ;
_c19 cm.
336 _2rdacontent
_atexto
_btxt
337 _2rdamedia
_asin mediación
_bn
338 _2rdacarrier
_avolumen
_bnc
590 _aInventariado, 2024/BT
700 1 _aEstrella, Juanjo,
_910728
_etraducción
910 _aBtavárez
942 _2ddc
_cLBS1
999 _c56934
_d56934